000 00747nam a2200205Ia 4500
003 IN-BaIIA
008 211028s9999 xx 000 0 eng d
020 _a0-521-81210-0
040 _cIIA Library
080 _a517.9
_bENT
100 _aEnting, I G
_928859
245 0 _aInverse problems in atmospheric constituent transport
_cI. G. Enting
260 _aCambridge
_bCambridge University Press
_c2002
300 _axv, 392p.
490 _aCambridge atmospheric and space science series
650 _aAtmospheric diffusion - Mathematical models
_928860
650 _aDynamic meteorology - Mathematical models
_928861
650 _aInverse problems (Differential equations)
_928862
942 _cBK
999 _c15654
_d15654